Wrong Answers Only - Statistics

General Stats
  • This quiz has been taken 32 times
  • The average score is 4 of 10
Answer Stats
Question Answer % Correct
This man served as Prime Minister of the United Kingdom. Margaret Thatcher
73%
This country is located in North America. Greenland
70%
This place was conquered by the British Empire. England
57%
You’re out in the hot sun all day. What can you drink over the course of the day to stay hydrated? Wine
43%
You and your friends Yellow and Green each have a cookie, and your other friend Blue has two cookies. Blue gives one of his to you and another one to Yellow, who gives her cookie to Green, and Green gives their original one to Blue. You all decide to sit down and you eat your cookies. Who has the most cookies? You
40%
This question conatins a typo. Question 4
33%
This band/artist covered the classic song, Sgt. Pepper’s Lonely Hearts Club Band. The Beatles
30%
Which of these, when clicked on, will not immedaitely end the quiz? X
27%
How do you write hello in French? Hallo
23%
This key figure and cultural icon once testified before US Congress. Madonna
13%
No matching quizzes found
Score Distribution
Percent of People with Each Score
Percentile by Number Answered
Your Score History
You have not taken this quiz